000 00312nam a22001337a 4500
008 180131b xxu||||| |||| 00| 0 eng d
020 _a9781605470603
041 _aeng
080 _a615
100 _a5
101 _aSHF
245 _aAdvances in Cardiovascular Pharmacology
_cHousemans, P.R
942 _2udc
_cBK
999 _c41311
_d41311